Riziká e-commerce v medzinárodnom podnikaní bakalárska práca

Saved in:
Bibliographic Details
Main Author: Takácsová, Erika
Corporate Author: Obchodná fakulta EU. Katedra medzinárodného obchodu
Other Authors: Jamborová, Erika Mária
Format: Book
Language:Slovak
Published: Bratislava 2012
Tags: Add Tag
No Tags, Be the first to tag this record!

MARC

LEADER 00000nbm a2200000 4500
001 0154276
005 20161109111832.0
041 0 |a slo 
044 |a SK 
245 1 0 |a Riziká e-commerce v medzinárodnom podnikaní  |b bakalárska práca  |c Erika Takácsová ; školiteľ: Erika Mária Jamborová 
264 1 |a Bratislava  |c 2012 
300 |a 60 s. 
100 1 |a Takácsová, Erika 
700 1 |a Jamborová, Erika Mária 
710 2 |a Obchodná fakulta EU. Katedra medzinárodného obchodu